000 01530 a2200229 4500
001 57125
005 20260407155834.0
008 260407a1994 arg spa d
003 AR-UNSa-BCEJYS
040 _aAR-UNSa-BCEJYS
_bspa
_cAR-UNSa-BCEJYS
080 _a35
_xAdministración Pública
245 1 0 _aAdministración pública. Actividad reglada, discrecional y técnica
_pnuevos mecanismos de control judicial
020 _a950-14-0772-1
264 1 _aBuenos Aires :
_bEdiciones Depalma
_c1994
300 _a394 p.
_c23 cm.
505 _a1. El principio de juridicidad en la experiencia contemporánea – 2. La discrecionalidad dentro del orden jurídico administrativo – 3. Noción conceptual de la discrecionalidad – 4. Caracteres prácticos distintivos de la discrecionalidad – 5. La discrecionalidad técnica en sus diversas concepciones – 6. La técnica como presupuesto del orden jurídico y límite de la discrecionalidad – 7. Control judicial. Precisa demarcación de la zona de penumbra. Los juicios técnicos complejos. Una perspectiva diferente – 8. Verificación y apreciación de los hechos, calificación jurídica y determinación de la conducta – 9. Modalidades del control de la inserción de la discrecionalidad dentro de la juridicidad – 10. Conclusiones generales
041 _aspa
942 _cBK
590 _aniveau_biblio:m niveau_hierar:0
100 1 _aSesin, Domingo J.
856 4 1 _uhttps://www.biblioeco.unsa.edu.ar/pmb/images/libros/L128703.jpg
_yImagen de portada
_qimage/jpeg
999 _c6125
_d6125